Städte an der Saale - Statistiken

Allgemein
  • Dieses Quiz wurde 47 mal gespielt
  • Das Durchschnittsergebnis liegt bei 4 aus 7
Antwortstatistiken
Bildquiz Hint Antwort % Korrekt
Sachsen-Anhalt Halle (Saale)
95%
Bayern Hof (Saale)
79%
Thüringen Jena
76%
Sachsen-Anhalt Naumburg (Saale)
52%
Sachsen-Anhalt Merseburg
50%
Sachsen-Anhalt Weißenfels
33%
Sachsen-Anhalt Bernburg (Saale)
31%
Keine übereinstimmenden Quizze gefunden
Verteilung der Resultate
Anzahl Personen mit jedem Resultat
Perzentil nach korrekt beantworteten Fragen
Ihre Resultats-Entwicklung
Sie haben dieses Quiz noch nicht gespielt